000 00699nam a2200181Ia 4500
008 151018s9999 xx 000 0 und d
082 _bRBASDV31519
_a781.754
100 _aविष्णू नारायण भातखंडे
245 _aउत्तर भारतीय संगीत
250 _b2
260 _bसंगीत कार्यालय
_c1974
300 _a60
600 _aविष्णू नारायण भातखंडे
630 _aउत्तर भारतीय संगीत
700 _aविष्णू नारायण भातखंडे
730 _aउत्तर भारतीय संगीत
942 _cBOOK
999 _c1031052
_d1031049